Retorn (Record no. 164062)

MARC details
000 -LEADER
campo de control de longitud fija 00749nam a22001815i 4500
001 - NÚMERO DE CONTROL
campo de control 164062
003 - IDENTIFICADOR DE NÚMERO DE CONTROL
campo de control ES-MaACL
005 - FECHA Y HORA DE LA ÚLTIMA TRANSACCIÓN
campo de control 20250915063100.0
008 - DATOS DE LONGITUD FIJA--INFORMACIÓN GENERAL
campo de control de longitud fija 021008s1898 sp |||| | cat d
040 ## - FUENTE DE CATALOGACIÓN
Centro catalogador/agencia de origen CAM
Lengua de catalogación spa
Centro/agencia transcriptor CAM
100 1# - ENTRADA PRINCIPAL--NOMBRE DE PERSONA
Nombre de persona Rovira y Serra, Manuel,
Fechas asociadas al nombre 1865-1929
9 (RLIN) 132129
245 10 - MENCIÓN DEL TÍTULO
Título Retorn
Resto del título : (el repatriat) : quadro dramátich en vers /
Mención de responsabilidad, etc. original de Manel Rovira y Serra.
260 ## - PUBLICACIÓN, DISTRIBUCIÓN, ETC.
Lugar de publicación, distribución, etc. Barcelona :
Nombre del editor, distribuidor, etc. [s.n.,
Fecha de publicación, distribución, etc. s.a.] (
Fabricante A. López Robert impressor)
300 ## - DESCRIPCIÓN FÍSICA
Extensión 10 p. ;
Dimensiones 21 cm.
500 ## - NOTA GENERAL
Nota general Estrenat en lo Teatro Catalá instalat en lo de Romea, la vetlla del día 30 de desembre de 1898"
852 ## - LOCALIZACIÓN
Ubicación ES-MaACL
Número de control de estantería G-3518(8)
Nota libre -- Enc. hol., falto de la enc. original
-- -- Enc. en un vol. facticio
Holdings
Estatus retirado Estado de pérdida Estado de daño No para préstamo Biblioteca de origen Biblioteca actual Ubicación en estantería Fecha de adquisición Fuente de adquisición Total de préstamos Signatura topográfica completa Código de barras Visto por última vez Precio de reemplazo Tipo de ítem Koha
        Biblioteca del Ateneo de Madrid Biblioteca del Ateneo de Madrid Depósito 2 17/01/2008     G-3518(8) 1171945 23/02/2023 23/02/2023 Libro impreso